| 000 | 00602cam a22002053a 4500 | ||
|---|---|---|---|
| 001 | 42748 | ||
| 003 | PGUSA | ||
| 005 | 20140828083952.0 | ||
| 008 | 130520s2013||||xxu|||||s|||||000 | eng d | ||
| 040 |
_aPGUSA _beng |
||
| 042 | _adc | ||
| 100 | 1 | _aYoung, Clarence | |
| 245 | 1 | 4 |
_aThe Motor Boys Overland : _bOr, A Long Trip for Fun and Fortune _h[electronic resource] / _cClarence Young |
| 260 |
_bProject Gutenberg, _c2013 |
||
| 506 | _aPublic domain in the USA. | ||
| 516 | _aElectronic text | ||
| 830 | 0 |
_aProject Gutenberg _v42748 |
|
| 856 | 4 | 0 | _uhttp://www.gutenberg.org/ebooks/42748 |
| 942 | _cEB | ||
| 999 |
_c272000 _d272000 |
||